| 000 | 01100nam a22003377a 4500 | ||
|---|---|---|---|
| 003 | CHAP | ||
| 005 | 20220817041006.0 | ||
| 008 | 971013s1985 r 00010 d | ||
| 010 | _a4120 | ||
| 011 | _a5092 | ||
| 035 | _a4298 | ||
| 040 | _cCHAP | ||
| 090 | _aFolleto 13373 | ||
| 100 | 0 | 0 |
_aRaymundo R., E. _994840 |
| 245 | _aExperience, problems and propects in the adoption of soil taxonomy in the Phillippines | ||
| 260 |
_aTaipei, Taiwan : _bFood y Fertilizer Technology Center, _c1985 |
||
| 300 | _app.. 17-27 | ||
| 490 |
_aExtension bulletin _v; 225 |
||
| 500 | _aD52-203 | ||
| 501 | _aEnc. con otros impresos similares | ||
| 590 |
_aBATCH-UPD _b10 _c20130110 _lUCH01 _h0137 |
||
| 590 |
_aBATCH-UPD _b10 _c20130110 _lUCH01 _h2238 |
||
| 590 |
_aBATCH-UPD _b10 _c20130410 _lUCH01 _h1533 |
||
| 590 |
_aBATCH-UPD _b10 _c20130914 _lUCH01 _h1954 |
||
| 590 |
_aCONVERSION _b10 _c20130109 _lUCH01 _h1303 |
||
| 650 | 1 | 4 |
_aSuelos _xClasificación _xFilipinas. _9110247 |
| 830 | 0 |
_aExtension bulletin _v; 225 |
|
| 901 | _aBK | ||
| 942 | _cFOLL | ||
| 949 |
_aFolleto 13373 _bBC _cFOLL _d-13834 _eTS1 _i4298 _mD _si |
||
| 999 |
_c4120 _d4120 |
||